000 00222nam a2200097Ia 4500
008 240331s9999 xx 000 0 und d
082 _bAGA
100 _aAgastiyar, S
245 0 _aOru nootandin Iru Tamil navalkal
942 _cL
999 _c4059
_d4059